| 000 | 00515nam a2200169 a 4500 | ||
|---|---|---|---|
| 001 | 503 | ||
| 003 | CDMR | ||
| 005 | 20131107122954.0 | ||
| 008 | 130130s1989||||||||||||||||||||||||||||d | ||
| 040 |
_aCDMR _bcat _cCDMR |
||
| 100 | 1 |
_aBrowne, Donald R. _9361 |
|
| 245 | 1 | 0 |
_aComparing broadcast systems _b: the experiences of six industrialized nations |
| 260 |
_aAmes _c1989 _bIowa State University Press |
||
| 650 | 0 | 4 |
_93092 _aIndústria audiovisual |
| 650 | 0 | 4 |
_94277 _aTecnologia _zPaïsos industrialitzats |
| 942 |
_cMON _2udc |
||
| 999 |
_c503 _d503 |
||